Dota 2 Helden - Statistiken

Allgemein
  • Dieses Quiz wurde 203 mal gespielt
  • Das Durchschnittsergebnis liegt bei 61 aus 123
Antwortstatistiken
# Held Release % Korrekt
2 Axe 01.11.2010
84%
80 Phantom Assassin 11.06.2012
83%
8 Lina 01.11.2010
80%
3 Crystal Maiden 01.11.2010
76%
1 Anti-Mage 01.11.2010
74%
104 Earth Spirit 14.11.2013
73%
103 Ember Spirit 14.11.2013
71%
47 Juggernaut 30.09.2011
71%
83 Io 28.06.2012
70%
82 Luna 28.06.2012
70%
24 Zeus 01.11.2010
70%
14 Pudge 01.11.2010
69%
67 Invoker 19.01.2012
68%
119 Void Spirit 26.11.2019
68%
5 Drow Ranger 01.11.2010
67%
18 Storm Spirit 01.11.2010
67%
99 Bristleback 28.03.2013
66%
58 Dragon Knight 03.11.2011
66%
6 Earthshaker 01.11.2010
66%
10 Mirana 01.11.2010
65%
102 Abaddon 12.07.2013
64%
9 Lion 01.11.2010
64%
39 Shadow Fiend 26.05.2011
63%
17 Shadow Shaman 01.11.2010
63%
108 Techies 04.09.2014
62%
22 Windranger 01.11.2010
62%
79 Chaos Knight 11.06.2012
61%
75 Phantom Lancer 03.05.2012
61%
34 Sniper 30.04.2011
61%
27 Faceless Void 19.02.2011
58%
32 Nature's Prophet 20.04.2011
58%
60 Alchemist 18.11.2011
57%
29 Viper 19.02.2011
56%
52 Wraith King 20.10.2011
56%
36 Beastmaster 20.05.2011
54%
89 Keeper of the Light 26.07.2012
54%
91 Meepo 20.09.2012
54%
71 Shadow Demon 15.03.2012
54%
49 Kunkka 06.10.2011
53%
13 Puck 01.11.2010
53%
50 Riki 13.10.2011
53%
4 Dazzle 01.11.2010
52%
61 Lifestealer 02.12.2011
52%
76 Treant Protector 17.05.2012
52%
46 Chen 01.07.2011
51%
23 Witch Doctor 01.11.2010
51%
93 Centaur Warrunner 25.10.2012
50%
7 Lich 01.11.2010
50%
113 Monkey King 12.12.2016
50%
123 Primal Beast 23.02.2022
50%
51 Queen of Pain 20.10.2011
50%
66 Spirit Breaker 12.01.2012
50%
86 Templar Assassin 12.07.2012
50%
20 Tidehunter 01.11.2010
50%
63 Ursa 15.12.2011
50%
21 Vengeful Spirit 01.11.2010
50%
122 Marci 28.10.2021
49%
115 Pangolier 31.10.2017
49%
110 Winter Wyvern 12.02.2015
49%
45 Doom 24.06.2011
48%
54 Huskar 27.10.2011
48%
117 Mars 05.03.2019
48%
40 Tinker 02.06.2011
48%
26 Enigma 12.02.2011
47%
12 Necrophos 01.11.2010
47%
94 Slark 15.11.2012
47%
107 Terrorblade 29.01.2014
47%
95 Timbersaw 13.12.2012
47%
28 Tiny 19.02.2011
47%
30 Venomancer 09.04.2011
47%
43 Ancient Apparition 17.06.2011
46%
96 Medusa 10.01.2013
46%
55 Jakiro 27.10.2011
45%
57 Omniknight 03.11.2011
45%
112 Underlord 23.08.2016
45%
64 Bounty Hunter 21.12.2011
44%
105 Legion Commander 12.12.2013
44%
81 Rubick 20.06.2012
44%
35 Pugna 20.05.2011
43%
41 Weaver 10.06.2011
43%
74 Brewmaster 19.04.2012
42%
53 Broodmother 20.10.2011
42%
11 Morphling 01.11.2010
42%
88 Nyx Assassin 26.07.2012
42%
69 Outworld Destroyer 16.02.2012
42%
44 Spectre 17.06.2011
42%
19 Sven 01.11.2010
42%
31 Clockwerk 20.04.2011
41%
120 Hoodwink 17.12.2020
41%
38 Leshrac 26.05.2011
41%
106 Phoenix 29.01.2014
41%
25 Slardar 18.01.2011
41%
84 Undying 05.07.2012
41%
111 Arc Warden 16.12.2015
40%
37 Enchantress 26.05.2011
40%
59 Warlock 11.11.2011
40%
70 Bane 01.03.2012
39%
92 Magnus 04.10.2012
39%
65 Silencer 12.01.2012
39%
48 Bloodseeker 06.10.2011
38%
68 Clinkz 26.01.2012
38%
114 Dark Willow 31.10.2017
37%
73 Lone Druid 28.03.2012
37%
72 Lycan 22.03.2012
37%
90 Visage 26.07.2012
37%
78 Gyrocopter 11.06.2012
36%
16 Sand King 01.11.2010
36%
98 Tusk 14.02.2013
36%
56 Batrider 27.10.2011
34%
87 Naga Siren 19.07.2012
34%
100 Skywrath Mage 19.04.2013
34%
118 Snapfire 26.11.2019
34%
62 Death Prophet 09.12.2011
33%
77 Ogre Magi 24.05.2012
33%
109 Oracle 20.11.2014
33%
42 Night Stalker 11.06.2011
32%
33 Dark Seer 30.04.2011
30%
121 Dawnbreaker 09.04.2021
30%
101 Elder Titan 02.05.2013
30%
97 Troll Warlord 24.01.2013
30%
85 Disruptor 05.07.2012
29%
15 Razor 01.11.2010
29%
116 Grimstroke 24.08.2018
28%
Keine übereinstimmenden Quizze gefunden
Verteilung der Resultate
Anzahl Personen mit jedem Resultat
Perzentil nach korrekt beantworteten Fragen
Ihre Resultats-Entwicklung
Sie haben dieses Quiz noch nicht gespielt